<?xml version="1.0" encoding="UTF-8"?>
<collection xmlns="http://www.loc.gov/MARC21/slim">
 <record>
  <leader>04678nas a22004811  4500</leader>
  <controlfield tag="001">1/50110</controlfield>
  <controlfield tag="008">021016c19959999gr qrzp           g0gre d</controlfield>
  <datafield tag="035" ind1=" " ind2=" ">
   <subfield code="l">2562</subfield>
  </datafield>
  <datafield tag="090" ind1=" " ind2=" ">
   <subfield code="a">Αλφαβητική σειρά</subfield>
  </datafield>
  <datafield tag="245" ind1="0" ind2="0">
   <subfield code="a">Δελτίον Ένωσης Ελληνικών Τραπεζών</subfield>
  </datafield>
  <datafield tag="260" ind1=" " ind2=" ">
   <subfield code="a">Αθήνα :</subfield>
   <subfield code="b">Ελληνικό Τραπεζικό Ινστιτούτο,</subfield>
   <subfield code="c">1995-</subfield>
  </datafield>
  <datafield tag="300" ind1=" " ind2=" ">
   <subfield code="a">τ. ;</subfield>
   <subfield code="c">29 εκ.</subfield>
  </datafield>
  <datafield tag="310" ind1=" " ind2=" ">
   <subfield code="a">Τριμηνιαίο</subfield>
  </datafield>
  <datafield tag="362" ind1="0" ind2=" ">
   <subfield code="a">Τχ.1(Ιαν.-Μάρτ. 1995)-τ.7, τχ.31(Οκτ./Δεκ. 2002)</subfield>
  </datafield>
  <datafield tag="362" ind1="0" ind2=" ">
   <subfield code="a">Τομ.7, τχ.28(Ιαν./Μάρτ. 2003)-</subfield>
  </datafield>
  <datafield tag="546" ind1=" " ind2=" ">
   <subfield code="a">Ελληνική</subfield>
  </datafield>
  <datafield tag="650" ind1=" " ind2="4">
   <subfield code="a">Τράπεζες και τραπεζικές εργασίες</subfield>
   <subfield code="v">Περιοδικά.</subfield>
  </datafield>
  <datafield tag="852" ind1=" " ind2=" ">
   <subfield code="a">INST</subfield>
   <subfield code="b">UNIPILB</subfield>
   <subfield code="c">SERIALS</subfield>
   <subfield code="e">20050414</subfield>
   <subfield code="h">Αλφαβητική σειρά</subfield>
   <subfield code="p">42478</subfield>
   <subfield code="q">42478</subfield>
   <subfield code="t">NOLOAN</subfield>
   <subfield code="v">τεύχ.33:(Μήνες)Απρ./Μάιος/Ιούν.;(Έτος)2003</subfield>
   <subfield code="y">23</subfield>
  </datafield>
  <datafield tag="852" ind1=" " ind2=" ">
   <subfield code="a">INST</subfield>
   <subfield code="b">UNIPILB</subfield>
   <subfield code="c">SERIALS</subfield>
   <subfield code="e">20050414</subfield>
   <subfield code="h">Αλφαβητική σειρά</subfield>
   <subfield code="p">42479</subfield>
   <subfield code="q">42479</subfield>
   <subfield code="t">NOLOAN</subfield>
   <subfield code="v">τεύχ.34:(Μήνες)Ιούλ./Αύγ./Σεπ.;(Έτος)2003</subfield>
   <subfield code="y">23</subfield>
  </datafield>
  <datafield tag="852" ind1=" " ind2=" ">
   <subfield code="a">INST</subfield>
   <subfield code="b">UNIPILB</subfield>
   <subfield code="c">SERIALS</subfield>
   <subfield code="e">20050414</subfield>
   <subfield code="h">Αλφαβητική σειρά</subfield>
   <subfield code="p">42480</subfield>
   <subfield code="q">42480</subfield>
   <subfield code="t">NOLOAN</subfield>
   <subfield code="v">τεύχ.35:(Μήνες)Οκτ./Νοέμ./Δεκ.;(Έτος)2003</subfield>
   <subfield code="y">23</subfield>
  </datafield>
  <datafield tag="852" ind1=" " ind2=" ">
   <subfield code="a">INST</subfield>
   <subfield code="b">UNIPILB</subfield>
   <subfield code="c">SERIALS</subfield>
   <subfield code="e">20050414</subfield>
   <subfield code="h">Αλφαβητική σειρά</subfield>
   <subfield code="p">42483</subfield>
   <subfield code="q">42483</subfield>
   <subfield code="t">NOLOAN</subfield>
   <subfield code="v">τεύχ.36:(Μήνες)Ιαν./Φεβ./Μάρ.;(Έτος)2004</subfield>
   <subfield code="y">23</subfield>
  </datafield>
  <datafield tag="852" ind1=" " ind2=" ">
   <subfield code="a">INST</subfield>
   <subfield code="b">UNIPILB</subfield>
   <subfield code="c">SERIALS</subfield>
   <subfield code="e">20050414</subfield>
   <subfield code="h">Αλφαβητική σειρά</subfield>
   <subfield code="p">42484</subfield>
   <subfield code="q">42484</subfield>
   <subfield code="t">NOLOAN</subfield>
   <subfield code="v">τεύχ.37:(Μήνες)Απρ./Μάιος/Ιούν.;(Έτος)2004</subfield>
   <subfield code="y">23</subfield>
  </datafield>
  <datafield tag="852" ind1=" " ind2=" ">
   <subfield code="a">INST</subfield>
   <subfield code="b">UNIPILB</subfield>
   <subfield code="c">SERIALS</subfield>
   <subfield code="e">20050414</subfield>
   <subfield code="h">Αλφαβητική σειρά</subfield>
   <subfield code="p">42485</subfield>
   <subfield code="q">42485</subfield>
   <subfield code="t">NOLOAN</subfield>
   <subfield code="v">τεύχ.38:(Μήνες)Ιούλ./Αύγ./Σεπ.;(Έτος)2004</subfield>
   <subfield code="y">23</subfield>
  </datafield>
  <datafield tag="852" ind1=" " ind2=" ">
   <subfield code="a">INST</subfield>
   <subfield code="b">UNIPILB</subfield>
   <subfield code="c">SERIALS</subfield>
   <subfield code="e">20050414</subfield>
   <subfield code="h">Αλφαβητική σειρά</subfield>
   <subfield code="p">42486</subfield>
   <subfield code="q">42486</subfield>
   <subfield code="t">NOLOAN</subfield>
   <subfield code="v">τεύχ.39:(Μήνες)Οκτ./Νοέμ./Δεκ.;(Έτος)2004</subfield>
   <subfield code="y">23</subfield>
  </datafield>
  <datafield tag="852" ind1=" " ind2=" ">
   <subfield code="a">INST</subfield>
   <subfield code="b">UNIPILB</subfield>
   <subfield code="c">SERIALS</subfield>
   <subfield code="e">20050614</subfield>
   <subfield code="h">Αλφαβητική σειρά</subfield>
   <subfield code="p">43943</subfield>
   <subfield code="q">43943</subfield>
   <subfield code="t">NOLOAN</subfield>
   <subfield code="v">τεύχ.40:(Μήνες)Ιαν./Φεβ./Μάρ.;(Έτος)2005</subfield>
   <subfield code="y">23</subfield>
  </datafield>
  <datafield tag="852" ind1=" " ind2=" ">
   <subfield code="a">INST</subfield>
   <subfield code="b">UNIPILB</subfield>
   <subfield code="c">SERIALS</subfield>
   <subfield code="e">20050907</subfield>
   <subfield code="h">Αλφαβητική σειρά</subfield>
   <subfield code="p">46228</subfield>
   <subfield code="q">46228</subfield>
   <subfield code="t">NOLOAN</subfield>
   <subfield code="v">τεύχ.41:(Μήνες)Απρ./Μάιος/Ιούν.;(Έτος)2005</subfield>
   <subfield code="y">23</subfield>
  </datafield>
  <datafield tag="852" ind1=" " ind2=" ">
   <subfield code="a">INST</subfield>
   <subfield code="b">UNIPILB</subfield>
   <subfield code="c">SERIALS</subfield>
   <subfield code="e">20051207</subfield>
   <subfield code="h">Αλφαβητική σειρά</subfield>
   <subfield code="p">49003</subfield>
   <subfield code="q">49003</subfield>
   <subfield code="t">NOLOAN</subfield>
   <subfield code="v">τεύχ.42:(Μήνες)Ιούλ./Αύγ./Σεπ.;(Έτος)2005</subfield>
   <subfield code="y">23</subfield>
  </datafield>
  <datafield tag="852" ind1=" " ind2=" ">
   <subfield code="a">INST</subfield>
   <subfield code="b">UNIPILB</subfield>
   <subfield code="c">SERIALS</subfield>
   <subfield code="e">20060313</subfield>
   <subfield code="h">Αλφαβητική σειρά</subfield>
   <subfield code="p">50771</subfield>
   <subfield code="q">50771</subfield>
   <subfield code="t">NOLOAN</subfield>
   <subfield code="v">τεύχ.43:(Μήνες)Οκτ./Νοέμ./Δεκ.;(Έτος)2005</subfield>
   <subfield code="y">23</subfield>
  </datafield>
  <datafield tag="852" ind1=" " ind2=" ">
   <subfield code="a">INST</subfield>
   <subfield code="b">UNIPILB</subfield>
   <subfield code="c">SERIALS</subfield>
   <subfield code="e">20060704</subfield>
   <subfield code="h">Αλφαβητική σειρά</subfield>
   <subfield code="p">51729</subfield>
   <subfield code="q">51729</subfield>
   <subfield code="t">NOLOAN</subfield>
   <subfield code="v">τεύχ.44:(Μήνες)Ιαν./Φεβ./Μάρ.;(Έτος)2006</subfield>
   <subfield code="y">23</subfield>
  </datafield>
  <datafield tag="852" ind1=" " ind2=" ">
   <subfield code="a">INST</subfield>
   <subfield code="b">UNIPILB</subfield>
   <subfield code="c">SERIALS</subfield>
   <subfield code="e">20060904</subfield>
   <subfield code="h">Αλφαβητική σειρά</subfield>
   <subfield code="p">52579</subfield>
   <subfield code="q">52579</subfield>
   <subfield code="t">NOLOAN</subfield>
   <subfield code="v">τεύχ.45:(Μήνες)Απρ./Μάιος/Ιούν.;(Έτος)2006</subfield>
   <subfield code="y">23</subfield>
  </datafield>
  <datafield tag="852" ind1=" " ind2=" ">
   <subfield code="a">INST</subfield>
   <subfield code="b">UNIPILB</subfield>
   <subfield code="c">SERIALS</subfield>
   <subfield code="e">20061205</subfield>
   <subfield code="h">Αλφαβητική σειρά</subfield>
   <subfield code="p">53911</subfield>
   <subfield code="q">53911</subfield>
   <subfield code="t">NOLOAN</subfield>
   <subfield code="v">τεύχ.46:(Μήνες)Ιούλ./Αύγ./Σεπ.;(Έτος)2006</subfield>
   <subfield code="y">23</subfield>
  </datafield>
  <datafield tag="852" ind1=" " ind2=" ">
   <subfield code="a">INST</subfield>
   <subfield code="b">UNIPILB</subfield>
   <subfield code="c">SERIALS</subfield>
   <subfield code="e">20070315</subfield>
   <subfield code="h">Αλφαβητική σειρά</subfield>
   <subfield code="p">54972</subfield>
   <subfield code="q">54972</subfield>
   <subfield code="t">NOLOAN</subfield>
   <subfield code="v">τεύχ.47:(Μήνες)Οκτ./Νοέμ./Δεκ.;(Έτος)2006</subfield>
   <subfield code="y">23</subfield>
  </datafield>
  <datafield tag="852" ind1=" " ind2=" ">
   <subfield code="a">INST</subfield>
   <subfield code="b">UNIPILB</subfield>
   <subfield code="c">SERIALS</subfield>
   <subfield code="e">20070606</subfield>
   <subfield code="h">Αλφαβητική σειρά</subfield>
   <subfield code="p">55882</subfield>
   <subfield code="q">55882</subfield>
   <subfield code="t">NOLOAN</subfield>
   <subfield code="v">τεύχ.48:(Μήνες)Ιαν./Φεβ./Μάρ.;(Έτος)2007</subfield>
   <subfield code="y">23</subfield>
  </datafield>
  <datafield tag="852" ind1=" " ind2=" ">
   <subfield code="a">INST</subfield>
   <subfield code="b">UNIPILB</subfield>
   <subfield code="c">SERIALS</subfield>
   <subfield code="e">20071016</subfield>
   <subfield code="h">Αλφαβητική σειρά</subfield>
   <subfield code="p">57584</subfield>
   <subfield code="q">57584</subfield>
   <subfield code="t">NOLOAN</subfield>
   <subfield code="v">τεύχ.49:(Μήνες)Απρ./Μάιος/Ιούν.;(Έτος)2007</subfield>
   <subfield code="y">23</subfield>
  </datafield>
  <datafield tag="852" ind1=" " ind2=" ">
   <subfield code="a">INST</subfield>
   <subfield code="b">UNIPILB</subfield>
   <subfield code="c">SERIALS</subfield>
   <subfield code="e">20080108</subfield>
   <subfield code="h">Αλφαβητική σειρά</subfield>
   <subfield code="p">59267</subfield>
   <subfield code="q">59267</subfield>
   <subfield code="t">NOLOAN</subfield>
   <subfield code="v">τεύχ.50:(Μήνες)Ιούλ./Αύγ./Σεπ.;(Έτος)2007</subfield>
   <subfield code="y">23</subfield>
  </datafield>
  <datafield tag="852" ind1=" " ind2=" ">
   <subfield code="a">INST</subfield>
   <subfield code="b">UNIPILB</subfield>
   <subfield code="c">SERIALS</subfield>
   <subfield code="e">20080318</subfield>
   <subfield code="h">Αλφαβητική σειρά</subfield>
   <subfield code="p">60236</subfield>
   <subfield code="q">60236</subfield>
   <subfield code="t">NOLOAN</subfield>
   <subfield code="v">τεύχ.51:(Μήνες)Οκτ./Νοέμ./Δεκ.;(Έτος)2007</subfield>
   <subfield code="y">23</subfield>
  </datafield>
  <datafield tag="852" ind1=" " ind2=" ">
   <subfield code="a">INST</subfield>
   <subfield code="b">UNIPILB</subfield>
   <subfield code="c">SERIALS</subfield>
   <subfield code="e">20130322</subfield>
   <subfield code="h">Αλφαβητική σειρά</subfield>
   <subfield code="p">78575</subfield>
   <subfield code="q">78575</subfield>
   <subfield code="t">NOLOAN</subfield>
   <subfield code="v">τεύχ.32:(Μήνες)Ιαν./Φεβ./Μάρ.;(Έτος)2003</subfield>
   <subfield code="y">23</subfield>
  </datafield>
  <datafield tag="856" ind1="4" ind2="1">
   <subfield code="u">http://www.hba.gr</subfield>
  </datafield>
  <datafield tag="900" ind1=" " ind2=" ">
   <subfield code="a">Τχ. 52 (Ιαν./Φεβ./Μάρ. 2008)</subfield>
   <subfield code="b">Οφειλόμενο</subfield>
   <subfield code="c">12/11/2020</subfield>
  </datafield>
  <datafield tag="950" ind1=" " ind2=" ">
   <subfield code="a">01/01/2003</subfield>
   <subfield code="c">ΔΩΡΕΑ ΠΕΡΙΟΔΙΚΩΝ</subfield>
   <subfield code="d">228</subfield>
  </datafield>
  <datafield tag="951" ind1=" " ind2=" ">
   <subfield code="a">Τχ. 33 (Απρ./Μάιος/Ιούν. 2003) -  Τχ. 51 (Οκτ./Νοέμ./Δεκ. 2007)</subfield>
   <subfield code="b">Main run</subfield>
  </datafield>
  <datafield tag="951" ind1=" " ind2=" ">
   <subfield code="a">Τχ.1(Ιαν./Μάρτ. 1995) -   (τ.7, τχ.31(Οκτ./Δεκ. 2002)</subfield>
   <subfield code="b">Main run</subfield>
  </datafield>
  <datafield tag="951" ind1=" " ind2=" ">
   <subfield code="a">Τχ. 32   (Ιαν./Φεβ./Μάρ. 2003)</subfield>
   <subfield code="b">Main run</subfield>
  </datafield>
 </record>
</collection>
